Sangati events / (Record no. 41330)

MARC details
000 -LEADER
fixed length control field 00607nam a22001937a 4500
005 - DATE AND TIME OF LATEST TRANSACTION
control field 20180710132225.0
010 ## - LCCN (DPL NO)
LC control number ENG-100082
020 ## - INTERNATIONAL STANDARD BOOK NUMBER
International Standard Book Number 9780195698435
Terms of availability 180.00
035 ## - SYSTEM CONTROL NUMBER
System control number EN-83614, B-163281
037 ## - SOURCE OF ACQUISITION
Source of stock number/acquisition DBAD/PUB
082 ## - DEWEY DECIMAL CLASSIFICATION NUMBER
Classification number 894.811371
100 ## - MAIN ENTRY--PERSONAL NAME
Personal name Bama
245 ## - TITLE STATEMENT
Title Sangati events /
Statement of responsibility, etc by Bama : translated by Lakshmi Holmstorm
260 ## - PUBLICATION, DISTRIBUTION, ETC. (IMPRINT)
Place of publication, distribution, etc New Delhi
Name of publisher, distributor, etc Oxford University Press
Date of publication, distribution, etc 2008
270 ## - ADDRESS
Address YMCA Library Building Jai Singh Road
City New Delhi
Postal code 110001
300 ## - PHYSICAL DESCRIPTION
Extent xxiii, 126p.
Dimensions 22cm (pbk)
700 ## - ADDED ENTRY--PERSONAL NAME
Personal name Holmstorm, Lakshmi
9 (RLIN) 11720
942 ## - ADDED ENTRY ELEMENTS (KOHA)
Source of classification or shelving scheme Dewey Decimal Classification
Item type English Books
Classification part 894.811371
Call number suffix BAM
Holdings
Withdrawn status Lost status Not for loan Collection code Home library Current library Date acquired Source of acquisition Cost, normal purchase price Full call number Barcode Copy number Cost, replacement price Koha item type
    Not For Loan Non-fiction D.B.Act.Division D.B.Act.Division 12/08/2010 DBAD/PUB 180.00 894.811371 BAM EN-83614 1 180.00 English Books
      Reference D.B.Act.Division D.B.Act.Division 16/02/2019     894.811371 BAM EN-61522     English Books
      Fiction Patel Nagar Patel Nagar 10/07/2018 BPPD/Pub 195.00 894.811371 BAM B-163281   195.00 English Books

© Delhi Public Library
Hit Counter
free hit counter